000
00207 a2200097 4500
001
4281
100
_a
Durtiam,F.P
245
_a
Transistor circuits design
260
_a
_b
Mcgrawhill
_c
090
_c
3498
_d
3498
942
_a
NUST-CAE
_c
M
_c
27757
999
_c
239354
_d
239354